| 000 | 00490nam a22001937a 4500 | ||
|---|---|---|---|
| 003 | MPLRDC | ||
| 005 | 20220104162521.0 | ||
| 008 | 210129b ||||| |||| 00| 0 eng d | ||
| 020 | _a7-5388-4873-8 | ||
| 082 | _a859.9 LJ | ||
| 100 | _a李杰主编 | ||
| 245 |
_a儿童小古诗 _c |
||
| 250 | _a一版一刷 | ||
| 260 |
_a中国 _b黑龙江科学技术出版社 _c2005 |
||
| 300 | _b平 | ||
| 490 | _a儿童学前小课本 | ||
| 650 | _a儿童知识; 学习 | ||
| 942 |
_cBK _o859.9 LJ |
||
| 999 |
_c56002 _d55992 |
||